000
00364nam a2200145Ia 4500
001
23746
003
GE_BSU
008
181216s||||||||xx |||||||||||||| ||und||
040
_c
GE_BSU
245
_a
Le Point №2389. 14 juin 2018.
653
_a
Le Point №2389. 14 juin 2018.
653
_a
Периодика
653
_a
პერიოდიკა
942
_c
CR
999
_c
56625
_d
56625